000 00632nam a22002297a 4500
001 00028926
005 20260428184334.0
008 260428b ag ||||| |||| 00| 0 spa d
020 _a847583700
040 _aAR-CcCEOS
_bspa
_cAR-CcCEOS
041 _aspa
080 _a94:7(510)
090 _bBLU v.2
100 1 _aBlunden, Caroline
_91141
245 _aChina :
_bGigante milenario : Volumen II /
_cCaroline Blunden y Mark Elvin
264 _aBarcelona :
_bFolio,
_c1994.
300 _a237 p. ;
_c24x18 cm.
490 _vAtlas culturales del mundo
650 0 _ahistoria
_990
655 0 _aarte
_9138
942 _2udc
_cBK
_n0
999 _c28978
_d28978